Cir̲appuc cir̲ukataikaḷ. (Record no. 81229)

MARC details
000 -LEADER
fixed length control field 00664cam a22002531 4500
001 - CONTROL NUMBER
control field sa 68006286
003 - CONTROL NUMBER IDENTIFIER
control field DLC
005 - DATE AND TIME OF LATEST TRANSACTION
control field 20260227112515.0
008 - FIXED-LENGTH DATA ELEMENTS--GENERAL INFORMATION
fixed length control field 950117s1967 ii 000 1 tamo
010 ## - LIBRARY OF CONGRESS CONTROL NUMBER
LC control number sa 68006286
025 ## - OVERSEAS ACQUISITION NUMBER
Overseas acquisition number PL480:I-T-2148
035 ## - SYSTEM CONTROL NUMBER
System control number (OCoLC)31829364
040 ## - CATALOGING SOURCE
Original cataloging agency DLC
Transcribing agency CU
Modifying agency CU
-- DLC
050 00 - LIBRARY OF CONGRESS CALL NUMBER
Classification number PL4758.8
Item number .M86
100 1# - MAIN ENTRY--PERSONAL NAME
Personal name Mustapā, Maṇavai,
Dates associated with a name 1935-
245 10 - TITLE STATEMENT
Title Cir̲appuc cir̲ukataikaḷ.
250 ## - EDITION STATEMENT
Edition statement [1st ed.]
260 ## - PUBLICATION, DISTRIBUTION, ETC.
Date of publication, distribution, etc. [1967]
300 ## - PHYSICAL DESCRIPTION
Extent 227 p.
Dimensions 18 cm.
500 ## - GENERAL NOTE
General note In Tamil.
500 ## - GENERAL NOTE
General note "Selected short stories from 'Kalki' weekly (1965-1966)."
650 #0 - SUBJECT ADDED ENTRY--TOPICAL TERM
Topical term or geographic name entry element Short stories, Tamil.
730 0# - ADDED ENTRY--UNIFORM TITLE
Uniform title Kalki.

No items available.

Powered by Koha